Vaig net, estic content!
Descripción Física:
1 díptic ; il. col. ; 15 x 21 cm
Materias:
Infants -- Salut i higiene
Idioma:
Catalán
MARC
| LEADER | 00000nam a22000007a 4500 | ||
|---|---|---|---|
| 001 | 27588 | ||
| 003 | Arxiu | ||
| 005 | 20260324181157.0 | ||
| 008 | 230327b spa||||| |||| 00| 0 cat d | ||
| 017 | |a B 12722-2021 | ||
| 040 | |a agdb |b cat | ||
| 110 | |9 52202 |a Barcelona (Catalunya : Província). |b Servei de Salut Pública | ||
| 245 | |a Vaig net, estic content! | ||
| 260 | |a Barcelona : |b Diputació de Barcelona. Servei de Salut Pública ; |c 2021 | ||
| 300 | |a 1 díptic ; |b il. col. ; |c 15 x 21 cm | ||
| 650 | 0 | |9 52736 |a Infants |x Salut i higiene | |
| 710 | |a Barcelona (Catalunya : Província). |b Àrea d'Igualtat i Sostenibilitat Social |9 55833 | ||
| 942 | |2 udc |c ARXIU |n 1 | ||
| 952 | |0 0 |1 0 |2 udc |4 0 |6 FU74197 |7 1 |9 65805 |a Arxiu |b Arxiu |d 2023-03-27 |l 0 |o FU-74-197 |p 27588 |r 2023-03-27 00:00:00 |w 2023-03-27 |y ARXIU | ||
| 999 | |c 83250 |d 83250 | ||